Mlieko zrýchľuje tempo

Ktoré mliečne výrobky preferujú slovenskí spotrebitelia. Ako sa predávajú mliečne výrobky. Systém distribúcie mliečnych výrobkov. Náročnosť spotrebiteľov. Predaj tavených syrov podľa typu. Obľúbenosť výrobcov.

Salvato in:
Dettagli Bibliografici
Autore principale: Košťál, Daniel
Natura: Capitolo di libro
Lingua:slovacco
Soggetti:
Tags: Aggiungi Tag
Nessun Tag, puoi essere il primo ad aggiungerne!!

MARC

LEADER 00000naa a2200000 4500
001 r044510
005 20231004094001.4
041 0 |a slo 
044 |a SK 
245 1 0 |a Mlieko zrýchľuje tempo  |c Daniel Košťál 
520 |a Ktoré mliečne výrobky preferujú slovenskí spotrebitelia. Ako sa predávajú mliečne výrobky. Systém distribúcie mliečnych výrobkov. Náročnosť spotrebiteľov. Predaj tavených syrov podľa typu. Obľúbenosť výrobcov. 
610 2 0 |a mlieko 
610 2 0 |a prieskum trhu 
610 2 0 |a výrobky živočíšne 
610 2 0 |a distribúcia 
610 2 0 |a spotrebitelia 
610 2 0 |a Slovensko 
610 2 0 |a výrobcovia 
100 1 |a Košťál, Daniel